000 00542nam a2200217 a 4500
001 2830
003 CO-ViMGA
008 141112s2004 ck r 000 u spa d
040 _aCO-ViMGA
_bspa
_cCO-ViMGA
082 0 4 _a696.1 P39f
100 1 _aPey Estrany, Santiago
245 1 0 _aFontanería
250 _a2a
260 _aBarcelona :
_bCeac,
_c1986
300 _a139 p : il
490 _aEnciclopedia Ceac del bricolage
590 _aDatos de inventario : 03427
650 1 4 _aBRICOLAJE
_9569
650 1 4 _aFONTANERIA
942 _2ddc
_cBK
999 _c14900
_d14900